| 000 | 00643nam a2200241Ia 4500 | ||
|---|---|---|---|
| 005 | 20250425162108.0 | ||
| 008 | 250425s9999 xx 000 0 und d | ||
| 041 | _aspa | ||
| 082 | _a630.0212 | ||
| 100 | _aAA, S | ||
| 245 | 0 | _aECUADOR III CENSO NACIONAL AGROPECUARIO: RESULTADOS NACIONALES Y PROVINCIALES | |
| 250 | _a1A ED. | ||
| 260 |
_aEcuador _bINEC _c2002 |
||
| 260 | _aS.L. | ||
| 300 | _a255 | ||
| 500 | _aVOL.1, 1CD | ||
| 650 | _aAGRICULTURA-ECUADOR | ||
| 650 | _aCENSOS AGROPECUARIOS | ||
| 650 | _aESTADISTICAS AGROPECUARIAS | ||
| 710 | _aINSTITUTO NACIONAL DE ESTADISTICA Y CENSOS | ||
| 942 | _c01 | ||
| 010 | _a49442 | ||
| 999 |
_c222212 _d222212 |
||